[Event "ch-RUS Rapid"]
[Site "Olginka RUS"]
[Date "2011.04.25"]
[Round "1"]
[White "Nepomniachtchi, Ian"]
[Black "Smagin, Sergey"]
[Result "1-0"]
[WhiteTitle "GM"]
[BlackTitle "GM"]
[WhiteElo "2729"]
[BlackElo "2551"]
[WhiteFideId "4168119"]
[BlackFideId "4100425"]
[EventDate "2011.04.25"]

1. e4 d5 2. exd5 Nf6 3. Nf3 Nxd5 4. d4 g6 5. h3 Bg7 6. c4 Nb6 7. Nc3 O-O 8. Be2
Nc6 9. Be3 e5 10. d5 Ne7 11. O-O Nf5 12. Bg5 f6 13. Bc1 c5 14. dxc6 bxc6 15. b3
Qe7 16. Ne4 Rd8 17. Qc2 Be6 18. a4 c5 19. Ba3 Rac8 20. Rad1 Nd7 21. Rfe1 Bf8 22.
g4 Nh6 23. Bb2 Nf7 24. Ng3 Nb8 25. Bd3 Bg7 26. Be4 Nc6 27. Ba3 Nb4 28. Bxb4 cxb4
29. Rxd8+ Nxd8 30. Rd1 Nb7 31. Bd5 Bf8 32. Ne4 Kg7 33. g5 fxg5 34. Qb2 Bxh3 35.
Nxe5 Kh6 36. f4 gxf4 37. Nf7+ Kh5 38. Ra1 Nd8 39. Ne5 1-0

[Event "ch-RUS Rapid"]
[Site "Olginka RUS"]
[Date "2011.04.25"]
[Round "1"]
[White "Shimanov, Aleksandr"]
[Black "Vitiugov, Nikita"]
[Result "0-1"]
[WhiteTitle "GM"]
[BlackTitle "GM"]
[WhiteElo "2550"]
[BlackElo "2720"]
[WhiteFideId "4198603"]
[BlackFideId "4152956"]
[EventDate "2011.04.25"]

1. Nf3 Nf6 2. c4 e6 3. g3 d5 4. Bg2 dxc4 5. Qa4+ Nbd7 6. Qxc4 a6 7. Qc2 Rb8 8.
a4 b6 9. O-O Bb7 10. d3 Rc8 11. Na3 Be7 12. e4 O-O 13. Rd1 c5 14. Qb3 Bc6 15.
Nc4 h6 16. Bf4 Nh5 17. Be3 Nhf6 18. h3 Re8 19. Nfe5 Nxe5 20. Nxe5 Qc7 21. Nxc6
Qxc6 22. Rac1 b5 23. axb5 Qxb5 24. Qc2 Rb8 25. Bf4 Rb7 26. Be5 Nd7 27. Bc3 Qb3
28. Qxb3 Rxb3 29. e5 Nb6 30. Ra1 Nd5 31. Bxd5 exd5 32. d4 c4 33. Rxa6 Bb4 34.
Rc1 Bxc3 35. bxc3 Reb8 36. Ra5 R8b5 37. Rxb5 Rxb5 38. g4 g5 39. Kg2 f6 40. exf6
Kf7 41. f4 Rb2+ 42. Kf3 Kxf6 43. Re1 Rh2 44. Kg3 Rd2 45. Re3 Rc2 46. h4 Kg6 47.
Rf3 Rd2 48. fxg5 hxg5 49. h5+ Kh7 50. Rf5 Rd3+ 51. Kf2 Kh6 52. Rf6+ Kh7 53. Rg6
Rxc3 54. Rxg5 Kh6 55. Rxd5 Rd3 56. Rd6+ Kg5 57. Rg6+ Kf4 58. h6 c3 59. h7 Rh3
60. Rg7 c2 61. Rc7 Rxh7 62. Rxc2 Rh2+ 0-1

[Event "ch-RUS Rapid"]
[Site "Olginka RUS"]
[Date "2011.04.25"]
[Round "1"]
[White "Andreikin, Dmitry"]
[Black "Anisimov, Pavel"]
[Result "1-0"]
[WhiteTitle "GM"]
[BlackTitle "IM"]
[WhiteElo "2686"]
[BlackElo "2532"]
[WhiteFideId "4158814"]
[BlackFideId "4135229"]
[EventDate "2011.04.25"]

1. c4 e5 2. Nc3 d6 3. g3 Nc6 4. Bg2 g6 5. Rb1 a5 6. a3 Bg7 7. b4 axb4 8. axb4 f5
9. b5 Nce7 10. e3 Nf6 11. Nge2 O-O 12. O-O c6 13. d3 Be6 14. bxc6 bxc6 15. Rb7
Nd7 16. Na4 Qa5 17. Nb6 Ra7 18. Bd2 Qa6 19. Rxa7 Qxa7 20. Nxd7 Bxd7 21. Bb4 c5
22. Bd2 Bc6 23. Nc3 Bxg2 24. Kxg2 Rb8 25. e4 fxe4 26. Nxe4 Qd7 27. h4 Nc6 28. h5
Rf8 29. Be3 Nb4 30. h6 Bf6 31. f4 exf4 32. Rxf4 Be7 33. Qa1 Rf7 34. Rxf7 Kxf7
35. Qg7+ Ke6 36. Qxh7 Qe8 37. Bg5 1-0

[Event "ch-RUS Rapid"]
[Site "Olginka RUS"]
[Date "2011.04.25"]
[Round "1"]
[White "Gabrielian, Artur"]
[Black "Riazantsev, Alexander"]
[Result "0-1"]
[WhiteTitle "GM"]
[BlackTitle "GM"]
[WhiteElo "2532"]
[BlackElo "2679"]
[WhiteFideId "4131002"]
[BlackFideId "4125029"]
[EventDate "2011.04.25"]

1. d4 Nf6 2. c4 e6 3. Nc3 Bb4 4. e3 O-O 5. Bd3 c5 6. Nf3 d5 7. O-O cxd4 8. exd4
dxc4 9. Bxc4 a6 10. a4 Nc6 11. Bg5 h6 12. Bf4 Nd5 13. Bd2 Qa5 14. Rc1 Rd8 15.
Bb3 Nf6 16. Be3 e5 17. d5 Bxc3 18. Rxc3 Nxd5 19. Rc5 Nxe3 20. Bxf7+ Kh8 21. Qc1
Qc7 22. fxe3 Qxf7 23. Nxe5 Nxe5 24. Rxf7 Nxf7 25. Rc7 Ng5 26. h4 Ne4 27. Re7 Bf5
28. Qc7 Nf6 0-1

[Event "ch-RUS Rapid"]
[Site "Olginka RUS"]
[Date "2011.04.25"]
[Round "1"]
[White "Rublevsky, Sergei"]
[Black "Panarin, Mikhail"]
[Result "1-0"]
[WhiteTitle "GM"]
[BlackTitle "GM"]
[WhiteElo "2678"]
[BlackElo "2526"]
[WhiteFideId "4115309"]
[BlackFideId "4153251"]
[EventDate "2011.04.25"]

1. e4 c6 2. d4 d5 3. e5 Bf5 4. Nd2 e6 5. Nb3 Nd7 6. Nf3 Bg6 7. Be2 Nh6 8. O-O
Be7 9. Bxh6 gxh6 10. Qd2 O-O 11. c3 Kg7 12. Nc1 c5 13. Nd3 cxd4 14. cxd4 Rc8 15.
Rac1 Qb6 16. a3 Qb3 17. Nf4 Nb6 18. h4 Na4 19. Bd1 Qb5 20. b4 Nb6 21. Be2 Qa4
22. Qe3 a5 23. Nh2 Bxh4 24. Ng4 Bg5 25. Nf6 axb4 26. axb4 Qxb4 27. N4h5+ Bxh5
28. Nxh5+ Kh8 29. f4 Be7 30. Rb1 Rc3 31. Rxb4 Rxe3 32. Rxb6 Rxe2 33. Rxb7 Ba3
34. Rfb1 Rd2 35. R1b3 Ra2 36. Ra7 Ra1+ 37. Kh2 Bb2 38. Rb6 1-0

[Event "ch-RUS Rapid"]
[Site "Olginka RUS"]
[Date "2011.04.25"]
[Round "1"]
[White "Kabanov, Nikolai"]
[Black "Grachev, Boris"]
[Result "0-1"]
[WhiteTitle "GM"]
[BlackTitle "GM"]
[WhiteElo "2524"]
[BlackElo "2675"]
[WhiteFideId "4127820"]
[BlackFideId "4129199"]
[EventDate "2011.04.25"]

1. e4 c5 2. Nf3 e6 3. c4 Nc6 4. Be2 g5 5. O-O Bg7 6. Nc3 a6 7. d3 h6 8. a3 Nge7
9. Rb1 Ng6 10. Bd2 O-O 11. b4 d6 12. g3 Nd4 13. Nxd4 cxd4 14. Na2 b5 15. c5 Bb7
16. cxd6 Qxd6 17. Nc1 f5 18. Bh5 Ne5 19. f4 fxe4 20. fxe5 Qc6 21. dxe4 Qxe4 22.
Bf3 Rxf3 23. Qxf3 Qxf3 24. Rxf3 Bxf3 25. Nb3 Bxe5 26. Re1 Bg7 27. Nc5 e5 0-1

[Event "ch-RUS Rapid"]
[Site "Olginka RUS"]
[Date "2011.04.25"]
[Round "1"]
[White "Inarkiev, Ernesto"]
[Black "Nakhapetiane, Pogos"]
[Result "1-0"]
[WhiteTitle "GM"]
[BlackTitle "FM"]
[WhiteElo "2674"]
[BlackElo "2495"]
[WhiteFideId "4162722"]
[BlackFideId "4166728"]
[EventDate "2011.04.25"]

1. e4 e6 2. d4 d5 3. Nc3 Nf6 4. e5 Nfd7 5. f4 c5 6. Nf3 Nc6 7. Be3 cxd4 8. Nxd4
Bc5 9. Qd2 O-O 10. O-O-O a6 11. Nb3 Bb4 12. Bd3 b5 13. Qf2 Na5 14. Bd4 Nc6 15.
Be3 Na5 16. g4 Bb7 17. Rhg1 Nc4 18. Bd4 Bc6 19. Rg3 Qe7 20. Bxh7+ Kxh7 21. Rh3+
Kg8 22. g5 Ndxe5 23. fxe5 Qxg5+ 24. Kb1 f5 25. Rg1 Qe7 26. Qf4 Kf7 27. Rh7 Rg8
28. Qh6 Kf8 29. Rhxg7 Qxg7 30. Rxg7 Rxg7 31. Nc5 Re8 32. Nxe6+ Rxe6 33. Qxe6
Nd2+ 34. Kc1 Nf3 35. Qf6+ Rf7 36. Qxc6 Nxd4 37. Qh6+ Ke8 38. Nxd5 Bf8 39. Qxa6 1-0

[Event "ch-RUS Rapid"]
[Site "Olginka RUS"]
[Date "2011.04.25"]
[Round "1"]
[White "Potapov, Pavel"]
[Black "Zvjaginsev, Vadim"]
[Result "0-1"]
[WhiteTitle "IM"]
[BlackTitle "GM"]
[WhiteElo "2474"]
[BlackElo "2663"]
[WhiteFideId "4169786"]
[BlackFideId "4113403"]
[EventDate "2011.04.25"]

1. e4 e6 2. d4 d5 3. exd5 exd5 4. c4 Nf6 5. Nf3 Bb4+ 6. Nc3 O-O 7. Be2 dxc4 8.
Bxc4 Ne4 9. Qb3 Nc6 10. O-O Bxc3 11. bxc3 Na5 12. Qb4 Nxc4 13. Qxc4 Be6 14. Qd3
Nd6 15. Re1 Bc4 16. Qd1 f6 17. Bf4 Qd7 18. Nd2 Bf7 19. f3 b6 20. Qc2 Rfe8 21.
Bg3 Qc6 22. a4 a5 23. Bf2 Rxe1+ 24. Rxe1 Re8 25. Ne4 Bg6 26. Qb3+ Qc4 27. Qxc4+
Nxc4 28. Bg3 f5 29. Ng5 Rxe1+ 30. Bxe1 Be8 31. Ne6 Bxa4 32. Nxc7 Bb3 33. Nb5 a4
34. d5 Kf7 35. d6 Ke8 36. Bf2 Kd7 0-1

[Event "ch-RUS Rapid"]
[Site "Olginka RUS"]
[Date "2011.04.25"]
[Round "1"]
[White "Khismatullin, Denis"]
[Black "Levin, Evgeny A."]
[Result "1/2-1/2"]
[WhiteTitle "GM"]
[BlackTitle "GM"]
[WhiteElo "2662"]
[BlackElo "2472"]
[WhiteFideId "4142578"]
[BlackFideId "4182596"]
[EventDate "2011.04.25"]

1. c4 Nf6 2. d4 e6 3. Nc3 Bb4 4. e3 c5 5. Ne2 cxd4 6. exd4 d5 7. c5 Ne4 8. Bd2
Bxc3 9. Nxc3 Nc6 10. Nxe4 dxe4 11. Qg4 O-O 12. Qxe4 Qxd4 13. Bd3 Qxe4+ 14. Bxe4
e5 15. Bc3 Be6 16. O-O Rfd8 17. f4 f5 18. Bxc6 bxc6 19. Bxe5 Rd3 20. Rf2 a5 21.
b3 Kf7 22. h3 Bd5 23. Kh2 g6 24. Rb1 Ra7 25. Rbb2 Rb7 26. Rbd2 Rxd2 27. Rxd2 Rb5
28. Rc2 a4 29. bxa4 Ra5 30. a3 Rxa4 31. Rc3 Rc4 32. Rxc4 Bxc4 33. a4 Bb3 34. a5
Bc4 35. Kg3 h5 36. a6 1/2-1/2

[Event "ch-RUS Rapid"]
[Site "Olginka RUS"]
[Date "2011.04.25"]
[Round "1"]
[White "Yagupov, Igor"]
[Black "Kurnosov, Igor"]
[Result "1-0"]
[WhiteTitle "GM"]
[BlackTitle "GM"]
[WhiteElo "2465"]
[BlackElo "2653"]
[WhiteFideId "4113632"]
[BlackFideId "4142527"]
[EventDate "2011.04.25"]

1. e4 c5 2. Nf3 d6 3. d4 cxd4 4. Nxd4 Nf6 5. Nc3 e6 6. Be3 Be7 7. f3 O-O 8. Qd2
e5 9. Nb3 a5 10. a4 Be6 11. O-O-O Nc6 12. g4 Nb4 13. g5 Nh5 14. Rg1 g6 15. Kb1
Rc8 16. Qf2 Qe8 17. Bb5 Bd7 18. Nxa5 Bxb5 19. axb5 f6 20. Qd2 fxg5 21. Nd5 Nxd5
22. Qxd5+ Kh8 23. Nxb7 Rxf3 24. Bxg5 Bxg5 25. Nxd6 Nf6 26. Qb7 Rb8 27. Qc7 Qf8
28. Rxg5 Ra8 29. Nf7+ Kg8 30. Nxe5 Rfa3 31. bxa3 Nxe4 32. Qc4+ Kh8 33. Qxe4 Qxa3
34. Nxg6+ hxg6 35. Qd4+ 1-0

[Event "ch-RUS Rapid"]
[Site "Olginka RUS"]
[Date "2011.04.25"]
[Round "1"]
[White "Sjugirov, Sanan"]
[Black "Akbaev, Kazbek"]
[Result "1-0"]
[WhiteTitle "GM"]
[WhiteElo "2643"]
[BlackElo "2461"]
[WhiteFideId "4189302"]
[BlackFideId "4131045"]
[EventDate "2011.04.25"]

1. e4 e6 2. d4 d5 3. Nd2 f5 4. exf5 exf5 5. Ngf3 Nf6 6. Bd3 Bd6 7. O-O O-O 8. c4
c6 9. Nb1 Ne4 10. Qb3 dxc4 11. Bxc4+ Kh8 12. Nc3 Qc7 13. Re1 b5 14. Bd3 Nf6 15.
Ne5 a6 16. Bf4 a5 17. Bxb5 Ra7 18. Bc4 Ba6 19. Bxa6 Nxa6 20. a3 c5 21. Nb5 Rb7
22. Qc4 Rxb5 23. Qxb5 Nb8 24. dxc5 Qxc5 25. Qxc5 Bxc5 26. Rac1 Bd4 27. Nf3 Bxb2
28. Rb1 Nd5 29. Bxb8 Rxb8 30. Rxb2 Rc8 31. Rb5 Nc3 32. Rc5 Ra8 1-0

[Event "ch-RUS Rapid"]
[Site "0:15:00"]
[Date "2011.04.25"]
[Round "2"]
[White "Khairullin, Ildar"]
[Black "Nepomniachtchi, Ian"]
[Result "1/2-1/2"]
[WhiteTitle "GM"]
[BlackTitle "GM"]
[WhiteElo "2634"]
[BlackElo "2729"]
[WhiteFideId "4151348"]
[BlackFideId "4168119"]
[EventDate "2011.04.25"]

1. c4 g6 2. e4 Bg7 3. d4 d6 4. Nc3 Nc6 5. d5 Nd4 6. Be3 c5 7. Nge2 Qb6 8. Nxd4
cxd4 9. Na4 Qa5+ 10. b4 Qxb4+ 11. Bd2 Qa3 12. Bc1 1/2-1/2

[Event "ch-RUS Rapid"]
[Site "Olginka RUS"]
[Date "2011.04.25"]
[Round "2"]
[White "Vitiugov, Nikita"]
[Black "Romanov, Evgeny"]
[Result "1-0"]
[WhiteTitle "GM"]
[BlackTitle "GM"]
[WhiteElo "2720"]
[BlackElo "2624"]
[WhiteFideId "4152956"]
[BlackFideId "4148843"]
[EventDate "2011.04.25"]

1. c4 e5 2. Nc3 Nc6 3. Nf3 Nf6 4. g3 d5 5. cxd5 Nxd5 6. Bg2 Nb6 7. O-O Be7 8. a3
O-O 9. b4 Be6 10. d3 f6 11. Nd2 Qd7 12. Nb3 Rad8 13. Be3 Nd5 14. Nxd5 Bxd5 15.
Bxd5+ Qxd5 16. Rc1 a6 17. Bc5 Bd6 18. Rc3 f5 19. Nd2 Rf7 20. Qb3 Qxb3 21. Nxb3
Ne7 22. Rfc1 Nd5 23. R3c2 c6 24. Bxd6 Rxd6 25. Na5 Re7 26. Rb2 g6 27. Nc4 Rdd7
28. a4 e4 29. dxe4 Rxe4 30. f3 Rd4 31. e3 Rxc4 32. Rxc4 Nxe3 33. Rc1 g5 34. b5
cxb5 35. axb5 axb5 36. Rxb5 Kf7 37. Rcb1 Kf6 38. Rxb7 Rd2 39. R1b6+ Ke5 40. Re7+
Kd4 41. Rd6+ Nd5 42. Rxd5+ Kxd5 1-0

[Event "ch-RUS Rapid"]
[Site "0:15:00"]
[Date "2011.04.25"]
[Round "2"]
[White "Lastin, Alexander"]
[Black "Tomashevsky, Evgeny"]
[Result "0-1"]
[WhiteTitle "GM"]
[BlackTitle "GM"]
[WhiteElo "2617"]
[BlackElo "2707"]
[WhiteFideId "4119240"]
[BlackFideId "4147235"]
[EventDate "2011.04.25"]

1. e4 e5 2. Nf3 Nc6 3. Bb5 a6 4. Ba4 Nf6 5. O-O Be7 6. Re1 b5 7. Bb3 O-O 8. h3
Bb7 9. d3 d6 10. a3 Qd7 11. Nbd2 Nd8 12. c3 c5 13. d4 cxd4 14. cxd4 exd4 15.
Nxd4 Re8 16. Bc2 Ne6 17. Nxe6 Qxe6 18. Nf3 Bxe4 19. Ng5 Bxc2 20. Nxe6 Bxd1 21.
Nc7 Bb3 22. Nxa8 Nd5 23. Bg5 f6 24. Bh4 Rxa8 25. Rac1 Bf8 26. Bg3 a5 27. Rc6 Rd8
28. Ra6 a4 29. f3 b4 30. Bf2 bxa3 31. bxa3 Nf4 32. Re4 Nd3 33. Bb6 Rc8 34. Rd4
Ne5 35. Kh1 0-1

[Event "ch-RUS Rapid"]
[Site "Olginka RUS"]
[Date "2011.04.25"]
[Round "2"]
[White "Frolyanov, Dmitry"]
[Black "Andreikin, Dmitry"]
[Result "1-0"]
[WhiteTitle "GM"]
[BlackTitle "GM"]
[WhiteElo "2610"]
[BlackElo "2686"]
[WhiteFideId "4151976"]
[BlackFideId "4158814"]
[EventDate "2011.04.25"]

1. e4 c5 2. Nf3 e6 3. d4 cxd4 4. Nxd4 a6 5. Bd3 Bc5 6. Nb3 Ba7 7. Qg4 Nf6 8. Qg3
d6 9. O-O Nc6 10. Nc3 Ne5 11. Be2 b5 12. Bf4 O-O 13. Bxe5 dxe5 14. Qxe5 Bb7 15.
Rad1 Qb6 16. Bf3 Rac8 17. a3 Bb8 18. Qd4 Qc7 19. g3 h5 20. Qe3 Qe5 21. Nc1 Ng4
22. Qe2 Qg5 23. Nd3 Rc4 24. Rfe1 Ba7 25. e5 h4 26. Bxb7 hxg3 27. hxg3 Nxf2 28.
Kg2 Nxd1 29. Rxd1 Rb8 30. Ne4 Qd8 31. Nb4 Qc7 32. Bxa6 Qxe5 33. Nc3 Qg5 34. Qf3
Rd8 35. Ne4 Qe7 36. Rxd8+ Qxd8 37. Bxb5 Rc7 38. Nc6 Qc8 39. Nxa7 Rxa7 40. Bd3
Ra5 41. Qxf7+ Kh8 42. Nc3 Rg5 43. Qf4 Qd8 44. Ne4 Rh5 45. Nd6 Qe7 46. Qf3 Rd5
47. Nc4 Kg8 48. Ne3 Rd8 49. Qe4 Qf6 50. b4 Rf8 51. Ng4 Qa1 52. Ne5 Rf5 53. Nf3
Rf6 54. Qa8+ Kf7 55. Ng5+ Ke7 56. Qb7+ 1-0

[Event "ch-RUS Rapid"]
[Site "Olginka RUS"]
[Date "2011.04.25"]
[Round "2"]
[White "Riazantsev, Alexander"]
[Black "Chadaev, Nikolai"]
[Result "1-0"]
[WhiteTitle "GM"]
[BlackTitle "GM"]
[WhiteElo "2679"]
[BlackElo "2573"]
[WhiteFideId "4125029"]
[BlackFideId "4167392"]
[EventDate "2011.04.25"]

1. d4 d5 2. c4 c6 3. Nc3 dxc4 4. e3 b5 5. a4 b4 6. Ne4 Qd5 7. Ng3 Nf6 8. Be2 h5
9. e4 Qa5 10. h4 Ba6 11. Nf3 e6 12. O-O Nbd7 13. Bg5 Be7 14. Rc1 Rc8 15. Bxc4
Bxc4 16. Rxc4 Nb6 17. Rc1 Qxa4 18. b3 Qb5 19. e5 Nfd5 20. Bxe7 Nxe7 21. Rc5 Qa6
22. Ng5 Nd7 23. Rc4 g6 24. Qf3 Rf8 25. Rfc1 Nb6 26. Rc5 Nbd5 27. N5e4 Kd7 28.
Qd1 Qb6 29. Ra1 Rc7 30. Rca5 Nc3 31. Qd3 Nxe4 32. Nxe4 Nf5 33. Ra6 Qxd4 34.
Qxd4+ Nxd4 35. Rd1 c5 36. Nxc5+ Rxc5 37. Rxd4+ Kc7 38. Rxb4 Ra8 39. Rf4 Kb7 40.
Rd6 Rc7 41. Rb4+ Kc8 42. Kh2 a5 43. Ra4 Rb8 44. Rxa5 Rxb3 45. Ra8+ Kb7 46. Rdd8
Rb5 47. Rab8+ Kc6 48. Rd6+ Kc5 49. Rxb5+ Kxb5 50. Kg3 Rc5 51. Rd7 Rxe5 52. Rxf7
g5 53. Rg7 gxh4+ 54. Kxh4 Kc6 55. Rg5 Re2 56. f3 Kd6 57. Kxh5 Ke7 58. Kg6 Rf2
59. Rg4 Re2 60. f4 Re4 61. g3 Re3 62. Rg5 Rf3 63. Kg7 Rf1 64. Rg4 Rf3 65. Rg6
Rf2 66. Rg5 Rf3 67. Kg6 Rf2 68. f5 e5 69. g4 e4 70. Kg7 Rf4 71. Rg6 Kd7 72. Kf7
e3 73. Re6 1-0

[Event "ch-RUS Rapid"]
[Site "Olginka RUS"]
[Date "2011.04.25"]
[Round "2"]
[White "Grachev, Boris"]
[Black "Papin, Vasily"]
[Result "1/2-1/2"]
[WhiteTitle "GM"]
[BlackTitle "GM"]
[WhiteElo "2675"]
[BlackElo "2569"]
[WhiteFideId "4129199"]
[BlackFideId "4143183"]
[EventDate "2011.04.25"]

1. d4 Nf6 2. c4 e6 3. Nf3 d5 4. g3 Bb4+ 5. Bd2 Be7 6. Bg2 c6 7. Qc2 O-O 8. O-O
b6 9. Bg5 Ba6 10. Nbd2 Nbd7 11. Qa4 Bxc4 12. Nxc4 b5 13. Qa6 bxc4 14. b3 cxb3
15. axb3 c5 16. Rfc1 Qb6 17. Ne5 Qxa6 18. Rxa6 Nb8 19. Ra4 cxd4 20. Rxd4 h6 21.
Bd2 Nbd7 22. Nc6 Bc5 23. Ra4 Rfc8 24. Na5 Bb6 25. Nc6 Bc5 26. Na5 Bb6 27. Nc6
Bc5 28. Na5 Nb6 29. Ra2 Ng4 30. Rac2 Bf8 1/2-1/2

[Event "ch-RUS Rapid"]
[Site "0:15:00"]
[Date "2011.04.25"]
[Round "2"]
[White "Kryakvin, Dmitry"]
[Black "Inarkiev, Ernesto"]
[Result "1/2-1/2"]
[WhiteTitle "GM"]
[BlackTitle "GM"]
[WhiteElo "2573"]
[BlackElo "2674"]
[WhiteFideId "4153278"]
[BlackFideId "4162722"]
[EventDate "2011.04.25"]

1. d4 d5 2. c4 c6 3. cxd5 cxd5 4. Nc3 Nc6 5. Nf3 Nf6 6. Bf4 a6 7. Rc1 Bf5 8. e3
Rc8 9. Be2 e6 10. O-O Nd7 11. Qb3 Qb6 12. Qxb6 Nxb6 1/2-1/2

[Event "ch-RUS Rapid"]
[Site "Olginka RUS"]
[Date "2011.04.25"]
[Round "2"]
[White "Zvjaginsev, Vadim"]
[Black "Vorobiov, Evgeny E."]
[Result "1/2-1/2"]
[WhiteTitle "GM"]
[BlackTitle "GM"]
[WhiteElo "2663"]
[BlackElo "2558"]
[WhiteFideId "4113403"]
[BlackFideId "4121341"]
[EventDate "2011.04.25"]

1. e4 c5 2. Nf3 e6 3. Qe2 Nc6 4. c3 d5 5. exd5 Qxd5 6. g3 Nf6 7. Bg2 Be7 8. O-O
O-O 9. Na3 Rd8 10. Nc4 Qd3 11. Qxd3 Rxd3 12. a3 Rd8 13. b4 Nd5 14. b5 Nb8 15. a4
a6 16. b6 Nc6 17. a5 f6 18. Re1 Kf7 19. Ba3 e5 20. Nfxe5+ fxe5 21. Nxe5+ Nxe5
22. Rxe5 Nf6 23. Bxc5 Bxc5 24. Rxc5 Rxd2 25. h3 Rb8 26. g4 Be6 27. Re1 Rd7 28.
g5 Nd5 29. f4 g6 30. Re4 Rbd8 31. Rd4 Ke7 32. Re4 Kf7 33. Rd4 Ke7 34. Re4 Kf7 1/2-1/2

[Event "ch-RUS Rapid"]
[Site "Olginka RUS"]
[Date "2011.04.25"]
[Round "2"]
[White "Popov, Valerij"]
[Black "Sjugirov, Sanan"]
[Result "1/2-1/2"]
[WhiteTitle "GM"]
[BlackTitle "GM"]
[WhiteElo "2565"]
[BlackElo "2643"]
[WhiteFideId "4119410"]
[BlackFideId "4189302"]
[EventDate "2011.04.25"]

1. c4 Nf6 2. Nf3 e6 3. g3 d5 4. Bg2 dxc4 5. Qa4+ Nbd7 6. Qxc4 a6 7. Qc2 Be7 8.
O-O O-O 9. Nc3 Rb8 10. d4 b5 11. Rd1 Bb7 12. Bf4 Nh5 13. Be3 Nhf6 14. Bf4 Nh5
15. Be3 Nhf6 16. a3 Bd6 17. Ne5 Bxg2 18. Nxd7 Qxd7 19. Kxg2 h6 20. Ne4 Nd5 21.
Bd2 f5 22. Nc3 f4 23. Qe4 Qf7 24. Rf1 Rbe8 25. Rad1 Qh5 26. Qf3 Qg6 27. Qd3 f3+
28. Kg1 Qxd3 29. exd3 Nxc3 30. bxc3 e5 31. dxe5 Rxe5 32. c4 Bxa3 33. Ra1 b4 34.
Bc1 Bxc1 35. Rfxc1 Rfe8 36. h4 c5 37. Kh2 Re2 38. Rxa6 Rxf2+ 39. Kh3 h5 40. Rc6
Re5 41. g4 hxg4+ 42. Kxg4 b3 43. Rb1 b2 44. Kg3 Rd2 45. Kxf3 Rxd3+ 46. Kf4 Re2
47. Rxc5 Rc3 48. Rb5 Rxc4+ 49. Kf3 Rcc2 50. Rb7 Rf2+ 51. Ke3 Kh8 52. Rg1 Rfe2+
53. Kf3 Rc1 54. Rxb2 1/2-1/2

[Event "ch-RUS Rapid"]
[Site "Olginka RUS"]
[Date "2011.04.25"]
[Round "2"]
[White "Najer, Evgeniy"]
[Black "Yagupov, Igor"]
[Result "1/2-1/2"]
[WhiteTitle "GM"]
[BlackTitle "GM"]
[WhiteElo "2638"]
[BlackElo "2465"]
[WhiteFideId "4118987"]
[BlackFideId "4113632"]
[EventDate "2011.04.25"]

1. e4 c5 2. Nf3 e6 3. d4 cxd4 4. Nxd4 a6 5. Nc3 b5 6. Bd3 Qb6 7. Nf3 Nc6 8. O-O
Qb8 9. e5 d6 10. exd6 Bxd6 11. Ne4 Be7 12. c3 Nf6 13. Qe2 Bb7 14. Re1 Nxe4 15.
Bxe4 O-O 16. Ng5 h6 17. Nxe6 fxe6 18. Bxc6 Rf6 19. Qe4 Bxc6 20. Qxc6 Qc8 21.
Qxc8+ Rxc8 22. Be3 1/2-1/2

[Event "ch-RUS Rapid"]
[Site "0:15:00"]
[Date "2011.04.25"]
[Round "2"]
[White "Alekseev, Evgeny"]
[Black "Mikhalchenko, Petr"]
[Result "1-0"]
[WhiteTitle "GM"]
[WhiteElo "2688"]
[BlackElo "2382"]
[WhiteFideId "4138147"]
[BlackFideId "4177657"]
[EventDate "2011.04.25"]

1. e4 e5 2. Nf3 Nc6 3. Bc4 Bc5 4. c3 Nf6 5. d3 a6 6. O-O Ba7 7. Bb3 d6 8. Be3
Qe7 9. Nbd2 Be6 10. Bc2 Bxe3 11. fxe3 Ng4 12. Qe1 f5 13. h3 Nh6 14. exf5 Bxf5
15. e4 Bd7 16. Nc4 O-O-O 17. Qg3 Rdg8 18. Ng5 Nd8 19. Ne3 Ne6 20. Nxe6 Bxe6 21.
d4 Nf7 22. d5 Bd7 23. c4 h5 24. Nf5 Qd8 25. Qe3 Kb8 26. c5 Bb5 27. Rf2 g6 28.
Ng3 Ng5 29. c6 h4 30. Nh1 a5 31. Qb3 Ba6 32. Bd3 a4 33. Qb4 Nxh3+ 34. gxh3 Qg5+
35. Kh2 Rf8 36. Raf1 Rf4 37. Bxa6 b6 38. Rxf4 exf4 39. Qd4 Re8 40. Be2 f3 41.
Rxf3 Qc1 42. Nf2 Qe1 43. Bd3 Qd2 44. Qxa4 Qxb2 45. Qa6 Qe5+ 46. Kh1 Rh8 47. Qc4 1-0

[Event "ch-RUS Rapid"]
[Site "Olginka RUS"]
[Date "2011.04.25"]
[Round "2"]
[White "Krapivin, Vladislav"]
[Black "Khismatullin, Denis"]
[Result "0-1"]
[WhiteTitle "IM"]
[BlackTitle "GM"]
[WhiteElo "2354"]
[BlackElo "2662"]
[WhiteFideId "4126149"]
[BlackFideId "4142578"]
[EventDate "2011.04.25"]

1. e4 c5 2. Nc3 a6 3. g3 b5 4. Bg2 Bb7 5. d3 e6 6. a3 g6 7. Be3 d6 8. d4 Nd7 9.
Nge2 Ngf6 10. dxc5 Nxc5 11. Bd4 e5 12. Bxc5 dxc5 13. Nd5 Nxd5 14. exd5 c4 15. f4
Bc5 16. fxe5 Qg5 17. Nf4 Qxe5+ 18. Qe2 Qxe2+ 19. Kxe2 Kd7 20. Rhe1 Rae8+ 21. Kf1
Kd6 22. a4 b4 23. b3 cxb3 24. cxb3 Re3 25. Rxe3 Bxe3 26. a5 Bxf4 27. gxf4 Rc8
28. Re1 Rc3 29. Re8 Rxb3 30. Rd8+ Kc5 31. Rd7 Rb1+ 32. Kf2 Rb2+ 33. Kf1 Rxg2 34.
Kxg2 Bxd5+ 35. Kf2 b3 36. Rd8 Bc4 37. Rd2 Kb4 38. Ke3 Kc3 0-1

[Event "ch-RUS Rapid"]
[Site "Olginka RUS"]
[Date "2011.04.25"]
[Round "3"]
[White "Nepomniachtchi, Ian"]
[Black "Maletin, Pavel"]
[Result "1-0"]
[WhiteTitle "GM"]
[BlackTitle "GM"]
[WhiteElo "2729"]
[BlackElo "2584"]
[WhiteFideId "4168119"]
[BlackFideId "4146786"]
[EventDate "2011.04.25"]

1. e4 c6 2. d4 d5 3. e5 Bf5 4. h4 h5 5. c4 e6 6. Nc3 Ne7 7. Nge2 dxc4 8. Ng3 Bg6
9. Bg5 Qb6 10. Bxc4 Nd7 11. O-O O-O-O 12. Re1 Qxb2 13. Nge4 Bxe4 14. Nxe4 Nxe5
15. Rb1 Qxd4 16. Qb3 Rd7 17. Red1 1-0